Southville International School and Colleges
Your cart is empty.
  • Cart
  • Lists
    Public lists Eva Luna New books Lux_list list_1
    Your lists Log in to create your own lists
  • Log in to your account
  • Your cookies
  • Search history
Southville International School and Colleges
  • Advanced search
  • Recent comments
  • Most popular
  • Libraries

Log in to your account

Log in with GOOGLE


If you do not have an external account, but do have a local account, you can still log in:

  1. Home
  2. MARC view: Holt physics section reviews /
Normal view MARC view ISBD view

Holt physics section reviews / (Record no. 7314)

[ view plain ]
MARC details
000 -LEADER
fixed length control field 00647nam a22002297a 4500
003 - CONTROL NUMBER IDENTIFIER
control field OSt
005 - DATE AND TIME OF LATEST TRANSACTION
control field 20140310181930.0
008 - FIXED-LENGTH DATA ELEMENTS--GENERAL INFORMATION
fixed length control field 130722t xxu||||| |||| 00| 0 eng d
020 ## - INTERNATIONAL STANDARD BOOK NUMBER
International Standard Book Number 9780030573613
050 ## - LIBRARY OF CONGRESS CALL NUMBER
Classification number QC 21.2
Item number .H758 2002
082 ## - DEWEY DECIMAL CLASSIFICATION NUMBER
Classification number TRS 530
Item number H74sr 2002
100 ## - MAIN ENTRY--PERSONAL NAME
Personal name Holt, Rinehart
9 (RLIN) 2630
245 ## - TITLE STATEMENT
Title Holt physics section reviews /
Statement of responsibility, etc Holt.
260 ## - PUBLICATION, DISTRIBUTION, ETC. (IMPRINT)
Place of publication, distribution, etc Austin :
Name of publisher, distributor, etc Holt, Rinehart and Winston,
Date of publication, distribution, etc c2002.
300 ## - PHYSICAL DESCRIPTION
Extent 135 p. :
Dimensions 28 cm.
500 ## - GENERAL NOTE
General note (consumable pages)
521 ## - TARGET AUDIENCE NOTE
Target audience note
541 ## - IMMEDIATE SOURCE OF ACQUISITION NOTE
-- 1
562 ## - COPY AND VERSION IDENTIFICATION NOTE
Number of copies 1
650 ## - SUBJECT ADDED ENTRY--TOPICAL TERM
Topical term or geographic name as entry element Physics
General subdivision Study and teaching (Secondary).
9 (RLIN) 2631
942 ## - ADDED ENTRY ELEMENTS (KOHA)
Source of classification or shelving scheme Library of Congress Classification
Koha item type
Call number prefix
Holdings
Withdrawn status Lost status Source of classification or shelving scheme Damaged status Home library Current library Shelving location Date acquired Total Checkouts Full call number Barcode Date last seen Copy number Price effective from Koha item type
    Library of Congress Classification   Luxembourg Library Luxembourg Library Teachers Reference Section 07/22/2013   QC 21.2 .H758 2002 10649 08/13/2013 1 07/22/2013 Books

Holt physics section reviews /

APA

Holt R., . (2002). Holt physics section reviews. Austin: Holt, Rinehart and Winston.

Chicago

Holt Rinehart, . 2002. Holt physics section reviews. Austin: Holt, Rinehart and Winston.

Harvard

Holt R., . (2002). Holt physics section reviews. Austin: Holt, Rinehart and Winston.

MLA

Holt Rinehart, . Holt physics section reviews. Austin: Holt, Rinehart and Winston. 2002.

  • Place hold
  • Print
  • Cite
  • Add to your cart (remove)
  • Save record
    BIBTEX Dublin Core MARCXML MARC (non-Unicode/MARC-8) MARC (Unicode/UTF-8) MARC (Unicode/UTF-8, Standard) MODS (XML) RIS
  • More searches
    Search for this title in:
    Other Libraries (WorldCat) Other Databases (Google Scholar) Online Stores (Bookfinder.com) Open Library (openlibrary.org)

Exporting to Dublin Core...

SOUTHVILLE LIBRARY

Southville International School and Colleges Library

1281 Tropical Ave. Cor. Luxembourg St., BF Homes International, Las Pinas City

Tel. No. 8256374 / 252358 Loc. 117/146

Powered by Koha